Знаменитые люди по имени Николай - Statistics

General Stats
  • This quiz has been taken 93 times
    73 since last reset
  • The average score is 7 of 18
Answer Stats
Подсказка Ответ % Correct
Последний российский император Николай {II}
92%
Автор романа «Мёртвые души» Николай {Гоголь}
89%
Ведущий телепередачи «В мире животных» Николай {Дроздов}
67%
Лидер рок-группы «Любэ» Николай {Расторгуев}
62%
Чемпион мира по боксу и депутат Государственной Думы Николай {Валуев}
61%
Артист балета и педагог Николай {Цискаридзе}
49%
Астроном и автор гелиоцентрической системы мира, положившей начало первой научной революции Николай {Коперник}
44%
Композитор оперы «Снегурочка» и «Кащей Бессмертный» Николай {Римский-Корсаков}
43%
Автор романа «Как закалялась сталь» Николай {Островский}
41%
Автор повести «Бедная Лиза» Николай {Карамзин}
41%
Хирург и создатель первого атласа топографической анатомии Николай {Пирогов}
33%
Актёр, снявшийся в фильмах «Криминальный квартет» и «Человек с бульвара Капуцинов» Николай {Караченцов}
30%
24-кратный чемпион СССР по теннису и спортивный комментатор Николай {Озеров}
30%
Поэт-песенник; автор песен «Беловежская пуща» и «Как молоды мы были» Николай {Добронравов}
18%
Премьер-министр Украины Николай {Азаров}
16%
Религиозный и политический философ; представитель русского экзистенциализмa и персонализма Николай {Бердяев}
10%
Основоположник гидро- и аэродинамики Николай {Жуковский}
7%
Актёр, снявшийся в фильмах «Андрей Рублёв» и «Сталкер» Николай {Гринько}
0%
No matching quizzes found
Score Distribution
Percent of People with Each Score
Percentile by Number Answered
Your Score History
You have not taken this quiz since the last reset